| 000 | 01103cam a2200229 4500 | ||
|---|---|---|---|
| 001 | WB3701-10 | ||
| 008 | 000000n 000 0 eng u | ||
| 035 | _a(Sirsi) u110014 | ||
| 245 | _aContaminated land | ||
| 260 | _ac $2 000. | ||
| 490 |
_aConstruction Monitor _vDecember 2000, 4(1) |
||
| 520 | _aCIRIA report C545 "Land contamination: control of financial risk", part-funded by the DETR's Partners in Innovation programme, gives advice on how to manage the risks and liability associated with projects involving contaminated land in light of the introduction of FRS12, Part IIA of the Environmental Protection Act 1990 and the government's brownfield regeneration targets. Copies of the guide, priced £95 for members and £195 for non-members, are available from CIRIA. Tel: 020 7222 8891, email:[email protected]. | ||
| 590 | _aWB | ||
| 650 | _aCONTAMINATED LAND | ||
| 650 | _aBROWNFIELD SITES | ||
| 650 | _aFRS12 | ||
| 650 | _aENVIRONMENTAL PROTECTION ACT 1990 PART IIA | ||
| 650 | _aFINANCIAL RISKS | ||
| 650 | _aLIABILITY | ||
| 690 | _aENVIRONMENT-CONTAMINATION | ||
| 942 | _n0 | ||
| 999 |
_c65619 _d65619 |
||